000 00434nam a2200157 4500
001 123297
003 ES-MaACL
005 20230906192139.0
007 t|
008 070214s1911 fr r ||||0| fre d
100 1 _aRabaud, Etienne.
_994853
245 1 3 _aLe transformisme et l'expérience /
_cpar Etienne Rabaud.
260 _aParis :
_bFélix Alcan,
_c1911.
300 _aVIII, 316 p :
_bil ;
_c19 cm.
852 _aES-MaACL
_jD-721
999 _c123297
_d123297